00518nam a2200193Ia 4500008004100000041001200041082001200053100001500065245004800080260003000128300000800158365000800166520001400174546001200188630004800200650001400248655001400262730004800276101110s9999 xx 000 0 und d aENGLISH bSR27352 aDias Mario aDevelopment issues of Indian economy TYBCom c2003bMarvel Pub., Mumbai a324 b125 aEconomics aENGLISH aDevelopment issues of Indian economy TYBCom aEconomics aEconomics aDevelopment issues of Indian economy TYBCom